00638nam a22002057a 450000500170000001000150001702000270003203500140005903700130007308200080008624500720009425000120016626000310017827000950020930000380030449000300034250000190037294200220039199900190041320161121170403.0 aENG-116575 a9789350358559c1195.00 aEN-100107 bDBAD/PUB a000 aJudicial services examinations :bthe complete preparation manual / a3rd ed. aGurgaonbLexis Nexisc2016 a14th floor, Building no 10, tower-B, DLF Cyber City, Phase-II,bGurgaon (Haryana 0e122002 aVarious Pagings :c28cm(pbk)bill aCATAPULT test prep series aIncludes index 2ddccENh000mJUD c104688d104688